000 00288nam a2200133Ia 4500
100 _aSiskind charles S
650 _aElectrical
942 _cBK
654 _aelectrical
245 _aElectrical machines
260 _bMc Graw Hill
_aAuckland
_c1966
300 _a563
546 _aENGLISH
999 _c33886
_d33886